Theory and principles of education (Record no. 9647)
[ view plain ]
| 000 -LEADER | |
|---|---|
| fixed length control field | 00473cam a2200193ua 4500 |
| 001 - CONTROL NUMBER | |
| control field | 10686 |
| 005 - DATE AND TIME OF LATEST TRANSACTION | |
| control field | 20260515114641.0 |
| 008 - FIXED-LENGTH DATA ELEMENTS--GENERAL INFORMATION | |
| fixed length control field | 190326n ii |||gr||||Z||||||eng |
| 020 ## - INTERNATIONAL STANDARD BOOK NUMBER | |
| International Standard Book Number | 9788125938477 |
| 040 ## - CATALOGING SOURCE | |
| Transcribing agency | MAIN |
| 082 ## - DEWEY DECIMAL CLASSIFICATION NUMBER | |
| Classification number | 370.1 |
| 100 ## - MAIN ENTRY--PERSONAL NAME | |
| Personal name | J C Aggarwal, |
| Relator term | Author. |
| 245 ## - TITLE STATEMENT | |
| Title | Theory and principles of education |
| 250 ## - EDITION STATEMENT | |
| Edition statement | 13th ed. |
| 260 ## - PUBLICATION, DISTRIBUTION, ETC. | |
| Place of publication, distribution, etc. | New Delhi: |
| Name of publisher, distributor, etc. | Vikas publishing house pvt ltd, |
| Date of publication, distribution, etc. | 2016. |
| 300 ## - PHYSICAL DESCRIPTION | |
| Extent | 518p. |
| 653 ## - INDEX TERM--UNCONTROLLED | |
| Uncontrolled term | Education |
| 942 ## - ADDED ENTRY ELEMENTS (KOHA) | |
| Koha item type | Books |
| Withdrawn status | Lost status | Damaged status | Not for loan | Home library | Current library | Shelving location | Date acquired | Total checkouts | Full call number | Barcode | Date last seen | Copy number | Price effective from | Koha item type |
|---|---|---|---|---|---|---|---|---|---|---|---|---|---|---|
| Naharkatiya College Library | Naharkatiya College Library | General stacks | 09/19/2020 | 370.1principles of education | AGG | 25130 | 09/19/2020 | 1 | 09/19/2020 | Books |